| 000 | 01051nam a2200301 i 4500 | ||
|---|---|---|---|
| 001 | bg | ||
| 100 | 1 | _aRutkowski, Leszek. | |
| 245 | 1 | 0 |
_aMetody i techniki sztucznej inteligencji : _binteligencja obliczeniowa / _cLeszek Rutkowski. |
| 260 |
_aWarszawa : _bWydawnictwo Naukowe PWN, _c2005. |
||
| 300 |
_aXI, [1], 435, [1] s. : _bil. ; _c24 cm. |
||
| 490 | 1 | _aInformatyka - Zastosowania | |
| 504 | _aBibliogr. s. 417-432. Indeks. | ||
| 650 | 9 | _aInteligencja sztuczna | |
| 650 | 9 | _aSieci neuronowe | |
| 650 | 9 |
_aZbiory rozmyte _xstosowanie |
|
| 650 | 9 | _aAlgorytmy genetyczne | |
| 655 | _aPodręczniki akademickie | ||
| 830 | _aInformatyka - Zastosowania | ||
| 015 | _aPB 5380/2006 | ||
| 020 | _a8301145293 | ||
| 040 | _cBPK | ||
| 041 | 0 | _apol | |
| 080 | _a004.8:004.032.26:004.048:004.42](075.8) | ||
| 920 | _a83-01-14529-3 | ||
| 942 | _cKS | ||
| 008 | s pl f |000 0 pol | ||
| 999 |
_c51605 _d51605 |
||
| 856 |
_uhttp://koha.tu.koszalin.pl/cgi-bin/koha/opac-detail.pl?biblionumber=51605 _yKatalog online BPK |
||